| 000 | 00000nam##2200000za#4500 |
| 001 | 9.579248 |
| 003 | CaOODSP |
| 005 | 20210624190457 |
| 007 | cr ||||||||||| |
| 008 | 150406|2014||||xxc|||||o f|0| 0 eng|d |
| 020 | |a978-1-100-23351-2 |
| 040 | |aCaOODSP|beng |
| 043 | |an-cn--- |
| 086 | 1 |aEn49-7/1-47-1E-PDF |
| 110 | 1 |aCanada. |bEnvironment Canada. |bScience and Technology Branch. |
| 245 | 10|aBiological test method - test for measuring survival and reproduction of springtails exposed to contaminants in soil |h[electronic resource] |
| 250 | |aSecond edition |
| 260 | |aOttawa - Ontario : |bEnvironment Canada. |cFebruary 2014. |
| 300 | |a184p.|bfig., illus., references, tables, photographs |
| 490 | 1 |aEnvironmental Protection series. [Reference methods] |vEPS 1/RM/47 |
| 520 | 3 |aRevised methods now recommended by Environment Canada for conducting a biological test method for measuring soil toxicity using springtails are described in this report. |
| 590 | |a15-05|b2015-01-30 |
| 775 | 08|tMéthode d'essai biologique - essai de mesure de la survie et de la reproduction de collemboles exposés à des contaminants dans le sol |w(CaOODSP)9.606798 |
| 776 | 0#|tBiological test method - test for measuring survival and reproduction of springtails exposed to contaminants in soil |w(CaOODSP)9.620526 |
| 830 | #0|aEnvironmental Protection series. [Reference methods]|vEPS 1/RM/47|w(CaOODSP)9.504905 |
| 856 | 40|ahttp://publications.gc.ca|qPDF|s2.17 MB|uhttps://publications.gc.ca/collections/collection_2015/ec/En49-7-1-47-1-eng.pdf|yEPS 1/RM/47 |